00338nam a22001457a 4500003000400000008004100004020001800045082001600063100001800079245002700097250001100124260002600135300000900161700002200170OSt260213b |||||||| |||| 00| 0 eng d a9789353883485 a658.872 TUS aTUTEN,Tracy L aSocial Media Marketing a3rd Ed aNew DelhibSagec2023 a407p aSOLOMON,Michael R